000
00347nam a22001217a 4500
040
_c
SY
082
_a
577
100
_a
VON MONIN; វន មុនិន្ទ
245
_a
Silviculture in the tropics, រុក្ខវប្បកម្មនៅតំបន់ត្រូពិច
260
_a
RUA
_b
VON
_c
1998
300
_a
139p.
942
_c
KB
999
_c
9415
_d
9415